000 01955cam a2200445 i 4500
001 6169
003 FISKH
005 20250324094003.0
008 140121t20142014paua j b 000 1 eng d
010 _a 2014931339
020 _a9781620914465
_q(hardcover)
020 _a1620914468
_q(hardcover)
020 _a9780545899666
040 _aYDXCP
_beng
_cYDXCP
_erda
050 _aPZ7.R71943 B
082 _a973.3092
100 1 _aRosenstock, Barb,
_eauthor.
245 1 0 _aBen Franklin's big splash :
_bthe mostly true story of his first invention /
_cBarb Rosenstock ; illustrated by S.D. Schindler.
250 _aFirst Scholastic printing, September 2015
260 _aNew York :
_bScholastic,
_c2014.
300 _a32 unnumbered pages :
_bcolor illustrations ;
_c25 cm
336 _atext
_btxt
_2rdacontent
336 _astill image
_bsti
_2rdacontent
337 _aunmediated
_bn
_2rdamedia
338 _avolume
_bnc
_2rdacarrier
504 _aIncludes bibliographical references.
520 _a"Ben Franklin loved to swim and, at the age of eleven, he was determined to swim like a fish--fins and all. This ... account of young Ben's earliest invention follows the budding scientist's journey as he tests and retests his swim fins. That first big splash led Ben to even more innovations and inventions. Includes Franklin quotes, a timeline, bibliography, and source notes"--
_cAmazon.com.
600 1 0 _aFranklin, Benjamin,
_d1706-1790
_xChildhood and youth
_vJuvenile fiction.
600 1 1 _aFranklin, Benjamin,
_d1706-1790
_xChildhood and youth
_vFiction.
650 0 _aInventors
_vJuvenile fiction.
650 0 _aInventions
_vJuvenile fiction.
650 0 _aSwimming
_vJuvenile fiction.
650 1 _aInventors
_vFiction.
650 1 _aInventions
_vFiction.
650 1 _aSwimming
_vFiction.
700 1 _aSchindler, S. D.,
_eillustrator.
906 _a7
_bcbc
_ccopycat
_d2
_eepcn
_f20
_gy-gencatlg
942 _2ddc
_cBK
_n0
999 _c6169
_d6169